| 000 | 00385nam a2200097Ia 4500 | ||
|---|---|---|---|
| 008 | 180130s9999 xx 000 0 und d | ||
| 245 |
_cChin, Chee-Hua; Lo, May-Chiun; Ramayah, T. _aMarket orientation and organizational performance |
||
| 260 | _c2015 | ||
| 300 | _aBook title: Strategic planning for project management--Acession number C20548; pages 173-200 | ||
| 650 | _aPROJECT MANAGEMENT | ||
| 999 |
_c354454 _d354454 |
||